000 00620cam a2200253 4500
001 766962
005 20180209072616.0
008 710618s1971 enkb b 001 0 eng
010 _a 70566975
015 _aB71-03641
020 _a0870241524
040 _aDLC
_cDLC
_dDLC
041 _aeng
043 _ae-gx---
080 _a830.9
082 0 0 _a830.9 GAR
100 1 _a21
101 _aGJL
245 1 2 _aA concise survey of German literature
_c[by] H. B. Garland.
350 _a£1.50
504 _aBibliography: p. 119-120.
906 _a7
_bcbc
_corignew
_d3
_encip
_f19
_gy-gencatlg
942 _2ddc
_cBK
999 _c42259
_d42259